The Velveteen Rabbit / (Record no. 1162)

MARC details
000 -LEADER
fixed length control field 01110cam a2200301 a 4500
005 - DATE AND TIME OF LATEST TRANSACTION
control field 20240109083449.0
020 ## - INTERNATIONAL STANDARD BOOK NUMBER
International Standard Book Number 429200012376
040 ## - CATALOGING SOURCE
Original cataloging agency DLC
Transcribing agency DLC
Modifying agency DLC
Language of cataloging eng
050 00 - LIBRARY OF CONGRESS CALL NUMBER
Classification number PZ7.V544
Item number 1992
082 00 - DEWEY DECIMAL CLASSIFICATION NUMBER
Classification number Fic
Edition number 20
100 ## - MAIN ENTRY--PERSONAL NAME
Personal name William, Margery
245 04 - TITLE STATEMENT
Title The Velveteen Rabbit /
Statement of responsibility, etc. adapted from the story by Margery Williams ; illustrated by Judith Sutton.
260 ## - PUBLICATION, DISTRIBUTION, ETC.
Place of publication, distribution, etc. Racine, Wis. :
Name of publisher, distributor, etc. Western Publishing Company, Inc.,
Date of publication, distribution, etc. 1992.
300 ## - PHYSICAL DESCRIPTION
Extent 23 unnumbered pages :
Other physical details color illustrations. ;
Dimensions 21 cm
490 0# - SERIES STATEMENT
Series statement A Little golden book
500 ## - GENERAL NOTE
General note "A Golden book, New York."
505 ## - FORMATTED CONTENTS NOTE
Formatted contents note F <br/>
520 ## - SUMMARY, ETC.
Summary, etc. By the time the Velveteen Rabbit is dirty, worn out, and about to be burned, he has almost given up hope of ever finding the magic called Real.
521 ## - TARGET AUDIENCE NOTE
Target audience note 320 <br/>
Source Lexile <br/>
521 ## - TARGET AUDIENCE NOTE
Target audience note F <br/>
Source Lexile <br/>
650 #1 - SUBJECT ADDED ENTRY--TOPICAL TERM
Topical term or geographic name entry element Toys
General subdivision Fiction.
650 #1 - SUBJECT ADDED ENTRY--TOPICAL TERM
Topical term or geographic name entry element Rabbits
General subdivision Fiction.
700 1# - ADDED ENTRY--PERSONAL NAME
Personal name Sutton, Judith,
Dates associated with a name 1947-
Relator term illustrator.
700 1# - ADDED ENTRY--PERSONAL NAME
Personal name Bianco, Margery Williams,
Dates associated with a name 1881-1944.
Title of a work Velveteen rabbit.
906 ## - LOCAL DATA ELEMENT F, LDF (RLIN)
a 7
b cbc
c orignew
d 2
e opcn
f 19
g y-gencatlg
942 ## - ADDED ENTRY ELEMENTS (KOHA)
Source of classification or shelving scheme Dewey Decimal Classification
Koha item type Books
Suppress in OPAC No
999 ## -
-- 1162
-- 1162
Holdings
Withdrawn status Lost status Source of classification or shelving scheme Damaged status Not for loan Collection Home library Current library Shelving location Date acquired Total Checkouts Full call number Barcode Date last seen Date last checked out Price effective from Koha item type
    Dewey Decimal Classification     Juvenile Fiction Footprints International School Library Network Toul Kork Campus Footprints International School Library Network Toul Kork Campus   08/04/2023 4 WIL PZ7.V5441992 FISBK00217 03/15/2024 02/26/2024 08/04/2023 Books